Jejak Ibnu Battuta

Bibliographic Details
Main Author: Dunn, Ross E. (Author)
Other Authors: Dunn, Ross E. Los Angeles : University of California Press, 1986, Mohamad Muslim Abdul Razak (Translator), Translation of: . Dunn, Ross E
Format: Book
Language:Malay
Published: Batu Caves, Selangor : PTS ISLAMIKA SDN. BHD. 2014
Subjects:

MARC

LEADER 00000cam a2200000 7i4500
001 0000029121
005 20210426.0
008 210331 my o may
020 |a 9789673661497 
040 |a INS   |b eng   |e rda 
090 0 0 |a G93.I24   |b D86154 2014 
100 0 |a Dunn, Ross E. ,   |e author 
240 1 4 |a The Adventure of Ibn Battuta : A Muslim Travels of the 14th Century. Malay 
245 1 0 |a Jejak Ibnu Battuta   |c Ross E. Dunn ; Penterjemah: Mohamad Muslim Abdul Razak 
264 1 |a Batu Caves, Selangor :   |b PTS ISLAMIKA SDN. BHD.   |c 2014 
264 4 |c ©2014 
300 |a 600 pages :   |b colour photographs ;   |c 26 cm. 
336 |a text  |2 rdacontent 
337 |a unmediated  |2 rdamedia 
338 |a volume  |2 rdacarrier 
504 |a Includes bibliographical references : pages 489-532 
600 0 0 |a Ibn Batuta, ,   |d 1304-1377 
650 0 |a Travel, medieval 
650 0 |a Travelers   |z Islamic Empire   |v Biography 
700 0 |a Dunn, Ross E.   |t The Adventure of Ibn Battuta : A Muslim Travels of the 14th Century ,   |d Los Angeles : University of California Press, 1986 
700 0 |a Mohamad Muslim Abdul Razak ,   |e translator 
700 0 |a Translation of: .  |a Dunn, Ross E   |t The Adventure of Ibn Battuta : A Muslim Travels of the 14th Century. 
999 |a 1000004085   |b BOOK   |c Open Shelf   |e Default branch